| 000 | 00519nam a22001697a 4500 | ||
|---|---|---|---|
| 003 | MACL | ||
| 005 | 20160128161106.0 | ||
| 008 | 160128b xxu||||| |||| 00| 0 eng d | ||
| 040 | _cMACL | ||
| 041 | _aHindi | ||
| 082 | _a350/SHA | ||
| 100 |
_aडॉ सी पी शर्मा _934659 |
||
| 245 | _aप्रैक्टिस वर्क बुक लोक प्रशासन | ||
| 260 |
_aआगरा _bउपकार प्रकाशन |
||
| 650 |
_aPublic Administration _935008 |
||
| 942 |
_2ddc _cHIN |
||
| 999 |
_c52886 _d52886 |
||